LIBRARY & INFORMATION CENTRE, KCAET, TAVANUR

ONLINE PUBLIC ACCESS CATALOGUE (OPAC)

Problems in hydraulics and fluid mechanics for engineering students / (Record no. 1692)

MARC details
000 -LEADER
fixed length control field 00523cam a2200193ua 4500
041 ## - LANGUAGE CODE
Language code of text/sound track or separate title eng
082 ## - DEWEY DECIMAL CLASSIFICATION NUMBER
Classification number 532.02462
Item number FRA/PR
100 ## - MAIN ENTRY--AUTHOR NAME
Personal name Francis, J.R.D .
245 ## - TITLE STATEMENT
Title Problems in hydraulics and fluid mechanics for engineering students /
250 ## - EDITION STATEMENT
Edition statement 1 /
260 ## - PUBLICATION, DISTRIBUTION, ETC. (IMPRINT)
Place of publication London :
Name of publisher Edward Arnold , publishers Ltd ,
Year of publication 1964.
300 ## - PHYSICAL DESCRIPTION
Number of Pages 134 ; .
700 1# - ADDED ENTRY--PERSONAL NAME
Personal name Minton, P .
942 ## - ADDED ENTRY ELEMENTS (KOHA)
Koha item type Books
Holdings
Withdrawn status Lost status Damaged status Home library Current library Date acquired Full call number Accession Number Koha item type
      KAUAET KAUAET 07/04/2012 532.02462 FRA/PR 12560 Books
free website counter